Culture Générale - Série 1742 - Statistiques

Statistiques générales
  • Ce quiz a été pris 152 fois
  • Le résultat moyen est 4 sur 10
Statistiques - réponses
Question Réponse % Correct
Qu'appelle-ton le "septième art" ? cinéma
99%
Dans quelle ville française "la fête des lumières" attire-t-elle- beaucoup de touristes , en décembre ? Lyon
88%
Comment appelait-on les fêtes romaines données en l'honneur du dieu du vin Bacchus ? bacchanales
52%
Comment appelle-ton un coulis de crustacés ? bisque
43%
Comment appelle-t-on l'outil de chirurgie utilisé pour percer la boîte cranienne ? trépan
32%
Sous quel autre nom connait-on mieux la plante aromatique "origan" ? marjolaine
28%
Quel mot de 6 lettres désigne l'anniversaire des noces d'or (50 ans) ? jubilé
18%
Comment appelle-t-on la fête patronale annuelle et populaire, en Belgique et dans le Nord de la France ? ducasse
9%
Comment s'appelaient les divinités romaines protectrices du foyer ? pénates
9%
De quel pays est originaire l'onagre ? Iran
6%
Aucun quiz correspondant
Distribution des résultats
% des personnes avec chaque résultat
Percentile par nombre de réponses
Votre historique - résultats
Vous n’avez pas pris ce quiz